00825nam a2200205 a 4500001000800000005001700008008004100025020001500066040001300081082002500094100002200119245009100141260011100232300001700343500013500360650000800495942000600503952009700509999001300606352099820240206034308.0950914s1993 ce b s001 0 eng  a955904415X aDLCcDLC00a306.7/0934220bSEX.1 aPerera, L. P. N.,10aSexuality in ancient India :ba study based on the Pali Vinayapitaka /cL.P.N. Perera. aKelaniya :bPostgraduate Institute of Pali and Buddhist Studies, University of Kelaniya, Sri Lanka,c1993. axv, 282 p. ; a"A thesis presented to the University of Sri Lanka (Ceylon) Peradeniya Campus for the Degree of Doctor of Philosophy"--T.p. verso. 0aSex cL 001040708LaWERCLbWERCLd2024-02-06l0o306.7/0934 SEX.p3694r2024-02-06w2024-02-06yL c301d301